000
00203nam a2200097Ia 4500
008
240331s9999 xx 000 0 und d
082
_b
ROB
100
_a
Robert, J, L
245
0
_a
Daisy Miller
942
_c
L
999
_c
3194
_d
3194